• 首页
  • 本馆介绍
  • 公告通知
  • 最新文献
  • 馆藏检索
  • 电子资源
  • 读者导购
  • 参考咨询
  • 我的图书馆
  • 登录
  • 详细信息显示
  • 放入我的书架
  • 预约/预借图书
  • 作者相关作品
  • 分类相关作品
  • 丛书相关作品
  • 出版社相关作品

书目信息

  • 表格格式
  • 工作单格式
  • 卡片格式
书名: Taking sides
作者: selected, edited, and with introductions by James E. Harf and Mark Owen Lombardi.
分册号:
分册名:
出版地: Guilford, Conn. :
 
出版社: Dushkin/McGraw-Hill
出版时间: c2004.
页数: xxi, 404 p. :
开本: 24 cm.
丛书名:
中图分类号:
科图分类号:
其他分类号: F114
主题词:
电子资源:
000 02897nam 22000349i 450
001 E0756628225
005 20070708154459.56
008 030808m2004 u y a b 001 0
020    @a0072880775 :@cD (500.00).
041    @aeng
050    @aJZ1318@b.T34 2004
082 04 @a303
090    @aD81
090    @aF114
090    @aX21
090    @aF114
099    @dF114@ex26
100 1  @aHarf@cJames E.
245 10 @aTaking sides / @cselected, edited, and with introductions by James E. Harf and Mark Owen Lombardi.
246  3 @aClashing views on controversial global issues
246  3 @aGlobal issues
250    @a2nd ed.
260 1  @aGuilford, Conn. :@bDushkin/McGraw-Hill,@cc2004.
300    @axxi, 404 p. :@bill. ;@c24 cm.
504    @aIncludes bibliographical references and index.
505 1  @aIs world population growth out of control? -- Should the international community attempt to curb population growth in the developing world? -- Does population growth significantly harm the Earth's quality of life? -- Will declining population growth rates in the developed world lead to major problems? -- Is environmental degradation worsening? -- Should the world continue to rely on oil as a major source of energy? -- Will the world be able to feed itself in the foreseeable future? -- Is global environmental stress caused primarily by increased resource consumption rather than population growth? -- Is the earth getting warmer? -- Is the threat of a global water shortage real? -- Is the global community responding well to the plight of refugees and displaced persons? -- Should immigration to the United States and other developed countries be curtailed? -- Is there a global brain drain? Is globalization a positive development for the world community? -- Will the digital/computer world lead to greater individual freedom? -- Is the globalization of American culture a positive development? -- Is biological and chemical terrorism the next grave threat to the world community -- Is a nuclear terrorist attack on America likely? -- Is there a military solution to terrorism? -- Are civil liberties likely to be compromised in the war against terrorism? -- Are cultural and ethnic conflicts the defining dimensions of twenty-first century war?
520    @aThe Taking Sides series is a debate-style reader designed to introduce students to current global controversies and world issues. The readings, which represent the arguments of leading political scientists, social commentators, and experts in the field, reflect a variety of viewpoints, and are presented in pro/con format. Dushkin Online is a student Web site designed to support Taking Sides titles. (www.dushkin.com/online/)
650  4 @aGlobalization
650  4 @aPopulation
650  4 @aInternational relations
650  4 @aGlobal environmental change.
700 1  @aLombardi@cMark Owen.
    
    Taking sides / / selected, edited, and with introductions by James E. Harf and Mark Owen Lombardi.-2nd ed.-Guilford, Conn. : : Dushkin/McGraw-Hill, , c2004.
    xxi, 404 p. : : ill. ; ; 24 cm.
    Includes bibliographical references and index.-Is world population growth out of control? -- Should the international community attempt to curb population growth in the developing world? -- Does population growth significantly harm the Earth's quality of life? -- Will declining population growth rates in the developed world lead to major problems? -- Is environmental degradation worsening? -- Should the world continue to rely on oil as a major source of energy? -- Will the world be able to feed itself in the foreseeable future? -- Is global environmental stress caused primarily by increased resource consumption rather than population growth? -- Is the earth getting warmer? -- Is the threat of a global water shortage real? -- Is the global community responding well to the plight of refugees and displaced persons? -- Should immigration to the United States and other developed countries be curtailed? -- Is there a global brain drain? Is globalization a positive development for the world community? -- Will the digital/computer world lead to greater individual freedom? -- Is the globalization of American culture a positive development? -- Is biological and chemical terrorism the next grave threat to the world community -- Is a nuclear terrorist attack on America likely? -- Is there a military solution to terrorism? -- Are civil liberties likely to be compromised in the war against terrorism? -- Are cultural and ethnic conflicts the defining dimensions of twenty-first century war? .-The Taking Sides series is a debate-style reader designed to introduce students to current global controversies and world issues. The readings, which represent the arguments of leading political scientists, social commentators, and experts in the field, reflect a variety of viewpoints, and are presented in pro/con format. Dushkin Online is a student Web site designed to support Taking Sides titles. (www.dushkin.com/online/)
    
    ISBN 0072880775 :D (500.00).
    The Taking Sides series is a debate-style reader designed to introduce students to current global controversies and world issues. The readings, which represent the arguments of leading political scientists, social commentators, and experts in the field, reflect a variety of viewpoints, and are presented in pro/con format. Dushkin Online is a student Web site designed to support Taking Sides titles. (www.dushkin.com/online/)
●
相关链接 在E读中查询图书 在五车中查询图书 在当当中查询图书 在豆瓣中查询图书


正题名:Taking sides     索取号:F114/x26         预约/预借

序号 登录号 条形码 馆藏地/架位号 状态 备注
1 0011413   300114132   第二样本阅览室/ [索取号:F114/x26] 在馆    
唐山师范学院图书馆 欢迎您!
大连网信软件有限公司© 版权所有